000
00286nam a22001097a 4500
008
170113b xxu||||| |||| 00| 0 eng d
020
_a
9780803612662
041
_a
eng
080
_2
3RD
_a
618.2
245
_a
ESSENTIALS OF PSYCHIATRIC MENTAL HEALTH NURSING
_c
TOWNSEND, M.C
942
_2
udc
_c
BK
999
_c
2891
_d
2891